Student study art notebook - Biology

Uložené v:
Podrobná bibliografia
Hlavný autor: Mader, Sylvia S.
Médium: Kniha
Jazyk:English
Vydavateľské údaje: Dubuque Wm. C. Brown 1996
Vydanie:5. ed.
On-line prístup:View in OPAC
Tagy: Pridať tag
Žiadne tagy, Buďte prvý, kto otaguje tento záznam!

MARC

LEADER 00000nam a2200000 a 4500
001 vtls008473952
003 VRT
005 20260127134422.0
008 000507e1996 xxu g eng c
020 |a 0697281825  |c [300.00 SK] 
035 |a SAVUKc048812 
040 |a SAVUK  |b slo  |c SK-BrSCK  |e AACR2 
041 1 |a eng 
044 |a xxu  |c US 
080 |a 57(076) 
100 1 |a Mader, Sylvia S. 
242 0 0 |a Študentov poznámkový zošit k Biológii  |y eng 
245 1 0 |a Student study art notebook - Biology  |c Sylvia S. Mader 
250 |a 5. ed. 
260 |a Dubuque  |b Wm. C. Brown  |c 1996 
300 |b Fotogr., ilustr. 
910 |a savuk 
942 |2 udc  |c 12  |0 2 
949 |6 2889 V 41538  |a savukV 41538 
999 |c 12362  |d 12362